Zlepšovanie efektívnosti podnikových procesov v praxi bakalárska práca

Saved in:
Bibliographic Details
Main Author: Šlepák, Dušan
Corporate Author: Podnikovohospodárska fakulta EU so sídlom v Košiciach. Katedra ekonómie a manažmentu
Other Authors: Štofová, Lenka, 1989-
Format: Book
Language:Slovak
Published: Košice 2023
Tags: Add Tag
No Tags, Be the first to tag this record!

MARC

LEADER 00000nbm a2200000 4500
001 0294447
005 20240403123607.2
041 0 |a slo 
044 |a SK 
245 1 0 |a Zlepšovanie efektívnosti podnikových procesov v praxi  |b bakalárska práca  |c Dušan Šlepák ; školiteľ: Lenka Štofová 
264 1 |a Košice  |c 2023 
300 |a 47 s. 
100 1 |a Šlepák, Dušan 
700 1 |a Štofová, Lenka, 1989- 
710 2 |a Podnikovohospodárska fakulta EU so sídlom v Košiciach. Katedra ekonómie a manažmentu